Quizzes
Events
Quiz Creation
Community
Videos
Private Events
Remove Ads
Sign In
Join for FREE
Feedback
Dark Mode
Quiz Categories
Sports
Geography
Music
Movies
Television
Just For Fun
Miscellaneous
History
Literature
Language
Science
Gaming
Entertainment
Religion
Holiday
For Kids
Quiz Lab
Recent
Popular Today
Quiz Kudos Today
Editor Picks
Curator Picks
Quizzes by...
Day
Popularity
Type
Ratings
Length
Year
Community
Subscriptions
Recent Discussions
Orange Saloon
Badges
Playlists
Quests
Create
Leaderboards
Showdown
Live 5
Trivia Bingo
Activity
Puzzle Library
Sporcle Events
Private Events
Virtual Trivia
Globe League
Become a Host
Pub Owners
SporcleCon
Opinionation
Our Games
Videos
Blog
Mobile Apps
Partnerships
Remove Ads and Go Orange
Feedback
Music
Pop Music
The Beatles
Song
Album
Lyrics
Bands
Singers
Artist
Clip
Rock
Rap
Classical
Billboard
Country Music
Kpop
Taylor Swift
Music
Pop Music
The Beatles
Song
Album
Lyrics
Bands
Singers
Artist
Clip
Rock
Rap
Classical
Billboard
Country Music
Kpop
Taylor Swift
Random Quiz
Search Sporcle
×
Quiz Lab
Quiz Lab
Music
Johnny
Type in answers that appear in a list
Type in answers that appear in a list
Classic
Best Score? Go Orange.
'Folsom Prison Blues' lyrics - Johnny Cash Stats
Can you name the lyrics to Johnny Cash's 'Folsom Prison Blues'?
By
will1
10m
177 Questions
3,337 Plays
3,337 Plays
3,337 Plays
Comments
Comments
Give Quiz Kudos
Give Quiz Kudos
-
- Ratings
hide this ad
Replay
Link that replays current quiz
Next Quiz
Link to next quiz in quiz playlist
You Got
0%
They Got
Avg Score
87%
Avg Friend Score
Upgrade to see
Score Distribution
Jump to the score distribution portion of the page
Score
0/177
Timer
10:00
0
Plays Today
% Correct
I
99.6%
I
99.6%
I
99.6%
I
99.6%
I
99.6%
I
99.6%
I
99.6%
I
99.6%
I
99.6%
I
99.6%
I
99.6%
I
99.6%
I
99.6%
I
99.6%
a-
99.2%
a-
99.2%
a
99.2%
a
99.2%
a
99.2%
a
99.2%
a-
99.2%
a
99.2%
the
98.6%
the
98.6%
the
98.6%
the
98.6%
in
98.1%
in
98.1%
in
98.1%
hear
97.6%
hear
97.6%
train
97.5%
train
97.5%
train
97.5%
And
97.4%
and
97.4%
and
97.4%
and
97.4%
and
97.4%
And
97.4%
be
97.2%
be
97.2%
Folsom
97.1%
Folsom
97.1%
Prison
97.1%
prison
97.1%
Prison
97.1%
to
97%
to
97%
to
97%
comin'.
96.9%
comin'
96.9%
don't
96.6%
when.
96.6%
When
96.6%
don't
96.6%
When
96.6%
it
95.8%
it
95.8%
% Correct
know
95.7%
know
95.7%
know
95.7%
that
95.4%
that
95.4%
that
95.4%
that
95.4%
just
95.3%
just
95.3%
man
94.8%
my
94.7%
my
94.7%
my
94.7%
me
94.4%
me.
94.4%
me
94.4%
It's
94.3%
him
94.2%
die.
94.2%
watch
94%
I'm
94%
shot
94%
stuck
93.7%
since
92.5%
on.
92.5%
on
92.5%
seen
92.2%
'round
92.1%
bend.
92.1%
rollin'
91.9%
rollin'
91.9%
But
91.9%
But
91.9%
But
91.9%
But
91.9%
head
91.7%
Reno
91.6%
boy,
91.5%
whistle
91.4%
cry.
91.4%
whistle
91.4%
with
91.3%
told
91.2%
keep
91.2%
was
91.1%
was
91.1%
ever
90.9%
good
90.8%
on
90.7%
keeps
90.7%
keeps
90.7%
play
90.6%
guns.'
90.5%
down
90.4%
'Son,
90.4%
down
90.4%
Mama
90.1%
ain't
90.1%
hang
89.9%
% Correct
sunshine
89.8%
blow
88.9%
time
88.3%
blowin'
88.1%
always
88%
baby
85.1%
San
84.4%
Antone.
82.8%
had
82.4%
that's
81.3%
that's
81.3%
can't
81.3%
draggin'
80.7%
what
80.6%
free.
79.7%
they
78.7%
car.
78.5%
big
77.9%
smokin'
77.3%
cigars.
77.1%
fancy
76.9%
where
76.1%
drinkin'
75.3%
blues
74.7%
dining
74.4%
tortures
74.2%
away.
73.6%
from
73.3%
from
73.3%
rich
72.5%
They're
72.5%
line.
72%
want
71.9%
coffee
71.4%
folks
70.9%
probably
70.8%
bet
70.4%
bet
70.4%
if
70.3%
If
70.3%
movin'
70.2%
eatin'
69.9%
this
69.6%
there's
69.4%
Far
69.2%
stay.
67.2%
mine.
65.7%
I'd
64.2%
I'd
64.2%
little
63.8%
those
62.4%
farther
62.1%
Well
61.8%
let
61.5%
lonesome
60.1%
move
59.9%
railroad
59.4%
people
58.5%
freed
56.5%
Quiz Playlist
Details
Report
Send in Message
Add To Playlist
Classic:
Type in answers that appear in a list
Last Updated: Feb 16, 2017
Quiz Scoreboard
CHALLENGE
Sign Up to Join the Scoreboard
Show All
Scores
Hide
Comments
May contain spoilers
Recently Published
1-10 Letter E Words III
by El_Dandy
Language
2m
One Thing in Common: World Cities II
by knightlancer
Geography
7m
Popular People in 1961
by mucciniale
History
6m
More to Explore
Quiz From the Vault
Featured Blog Post
Where Did the Easter Bunny Come From?
hide this ad
You Might Also Like...
Tags
blue
cash
Johnny
Johnny Cash
prison
Today's Top Quizzes in Music
Browse Music
hide this ad
Today's Top Quizzes in Johnny
Browse Johnny
Top Contributed Quizzes in Music
1
Taylor Swift All Songs (2024)
2
2010s Album by Cover III
3
Taylor Swift Logic Puzzle
4
One Thing in Common: Music
5
Guess the Artist- 70s Songs
6
Guess the Taylor Swift song (Mystery Song)
7
2010s Album by Cover V
8
2010s Album by Cover IV
9
Lana Del Rey Discography (BTD to DYKTTATUOB)
10
KPOP LOGIC QUIZ
Explore More
Trending Topics
Marvel
Kpop
Disney
Anime
Crossword
Harry Potter
NBA
WWE
Soccer
NFL
Song
The Office
Puzzle
Pokémon
Country
hide this ad
More By:
will1
Quiz
Plays
Rating
Category
Featured
Created
Countries by Atheist/Agnostic Rate
3,549
3.58
Religion
Oct 4, 2009
'Folsom Prison Blues' lyrics - Johnny Cash
3,337
4.89
Music
Sep 25, 2012
'(Sittin' On) The Dock of the Bay' lyrics- Otis Redding
2,603
4.27
Music
Sep 26, 2012
'Daniel' lyrics - Elton John
2,093
4.85
Music
Sep 11, 2012
'Solsbury Hill' lyrics - Peter Gabriel
1,396
4.72
Music
Sep 13, 2012
Go to Creator's Profile
Score Distribution
Quiz Creator Spotlight
will1
Follow
Send a Message
Quizzes Created
-
Created Quiz Play Count
-
More By This Creator
Popular Quizzes Today
1
Find the US States - No Outlines Minefield
2
The Countries of the World
3
Find the Countries of Europe - No Outlines Minefield
4
Popular People in 1961
5
1-10 Letter E Words III
6
Find the US States
7
One Thing in Common: World Cities II
8
US States
More Music Quizzes
Don't Forget the Song
Published
Trending Quizzes
Risky Map Clicking: Least Populous States A-Z
1-10 Letter F Words
1-10 Letter G Words
One Thing in Common: United Kingdom
Risky Map Clicking: Next State Alphabetically
Recently Updated
Leaping Animals
pecheneg
Reality TV Shows (A-Z)
bhenderson79
Rickey Henderson's Hall of Fame Teammates
pecheneg
Champions League XIs: Arsenal
pecheneg
Quick Pick: Celebrities in WWE's Hall of Fame
aduchscher
A-Z Keypad Blitz II
pecheneg
Multiple Oscar Actors
pecheneg
Mystery Phrase Blitz: Oscar 'Best Actors'
pecheneg
F. Scott Fitzgerald Novels
LTH
Pick 3 Villains
ddd62291
Trending Topics
Crossword
Kpop
Harry Potter
NBA
Marvel
Anime
Disney
NFL
The Office
Country
Song
WWE
Pokémon
Soccer
Puzzle
Your Account Isn't Verified!
In order to create a playlist on Sporcle, you need to verify the email address you used during registration. Go to your
Sporcle Settings
to finish the process.
Report this User
Report this user for behavior that violates our
Community Guidelines
.
Details:
Send Report
Go to the Sporcle.com Mobile Site →
Comments